000 00424nam a2200181Ia 4500
008 100917s9999 xx 000 0 und d
082 _b7295
100 _aकर्णिक मधुमंगेश
245 _aसंकेत
260 _b---
_c1966
300 _a139
365 _b5
520 _aकथा
630 _aसंकेत
650 _aकथा
730 _aसंकेत
942 _cBOOK
999 _c612689
_d612686